Top 15 des villes avec le plus de milliardaire du monde - Statistiques

Statistiques générales
  • Ce quiz a été pris 116 fois
    106 depuis la dernière actualisation
  • Le résultat moyen est 8 sur 15
Statistiques - réponses
Nombre de milliardaire Ville % Correct
46 Paris
97%
129 New York
93%
97 Londres
84%
91 Pékin
73%
69 Moscou
68%
92 Shanghai
67%
63 New Delhi
57%
48 Singapour
53%
90 Mumbai
48%
74 Hong-Kong
44%
55 San Francisco
39%
43 Bangkok
28%
85 Shenzhen
21%
48 Taipei
20%
41 Hangzhou
3%
Aucun quiz correspondant
Distribution des résultats
% des personnes avec chaque résultat
Percentile par nombre de réponses
Votre historique - résultats
Vous n’avez pas pris ce quiz depuis la dernière actualisation